PUEBLA DE LOS ANGELES (Registro nro. 48299)
[ vista simple ]
| 000 -LEADER | |
|---|---|
| fixed length control field | 01026nam a2200205 a 4500 |
| 001 - CONTROL NUMBER | |
| control field | 48299 |
| 005 - DATE AND TIME OF LATEST TRANSACTION | |
| control field | 20180714032548.0 |
| 008 - FIXED-LENGTH DATA ELEMENTS--GENERAL INFORMATION | |
| fixed length control field | 140415s1998 mx 000 0 spa d |
| 022 ## - INTERNATIONAL STANDARD SERIAL NUMBER | |
| International Standard Serial Number | 03004953 |
| 041 ## - LANGUAGE CODE | |
| Language code of text/sound track or separate title | spa |
| 082 ## - DEWEY DECIMAL CLASSIFICATION NUMBER | |
| Classification number | 972.48 |
| Item number | PUE |
| 245 00 - TITLE STATEMENT | |
| Title | PUEBLA DE LOS ANGELES |
| 250 ## - EDITION STATEMENT | |
| Edition statement | 1a ed. |
| 260 ## - PUBLICATION, DISTRIBUTION, ETC. | |
| Place of publication, distribution, etc. | MEXICO : |
| Name of publisher, distributor, etc. | ARTES DE MÉXICO Y DEL MUNDO, S.A. DE C.V., |
| Date of publication, distribution, etc. | 1998 |
| 300 ## - PHYSICAL DESCRIPTION | |
| Extent | 80 |
| Dimensions | x 122.58 x 32 |
| 490 ## - SERIES STATEMENT | |
| Series statement | PUEBLA |
| 500 ## - GENERAL NOTE | |
| General note | COLECCIÓN PUEBLA |
| 520 ## - SUMMARY, ETC. | |
| Summary, etc. | PUEBLA DE LOS ANGELES ES UNA CIUDAD QUE HA INSPIRADO A LOS ARTISTAS Y A LOS POETAS. NO HACE MUCHO HUGO DIEGO BLANCO ESCRIBIÓ SOBRE SU CIUDAD NATAL: LOS ANGELES QUE TRAZARON JARDINES Y CALLES QUE VAN A DAR A LA ESQUINA EN DONDE LOS SOLDADOS FRANCESES NO QUISIERON HACER UN EXAMEN DE CONCIENCOIA ENFENTARON MALTRATOS DE LAS TORMENTAS ELÉCTRICAS. FABRICARON EN SU VUELO PORTADAS DE IGLESIAS CON INCREDULIDAD PERO CON PACIENCIA, DIBUJARON EN SUS PLANOS CON LARGAS PLUMAS BLANCAS VENTANAS PARA |
| 650 14 - SUBJECT ADDED ENTRY--TOPICAL TERM | |
| Topical term or geographic name entry element | PUEBLA (CIUDAD) |
| General subdivision | HISTORIA |
| Withdrawn status | Lost status | Source of classification or shelving scheme | Damaged status | Not for loan | Collection code | Home library | Current library | Shelving location | Date acquired | Source of acquisition | Inventory number | Total Checkouts | Full call number | Barcode | Date last seen | Price effective from | Koha item type |
|---|---|---|---|---|---|---|---|---|---|---|---|---|---|---|---|---|---|
| Dewey Decimal Classification | Consulta en sala | Puebla | Biblioteca Karol Wojtyla | Biblioteca Karol Wojtyla | Área de silencio | 03/12/2013 | Compra | 151000000000000000073486 | 972.48 PUE | 74108 | 05/01/2026 | 03/12/2013 | Folio | ||||
| Dewey Decimal Classification | Consulta en sala | Puebla | Biblioteca Karol Wojtyla | Biblioteca Karol Wojtyla | Área de silencio | 03/12/2013 | Compra | 151000000000000000073485 | 972.48 PUE | 72250 | 05/01/2026 | 03/12/2013 | Folio |